Wuest's word studies; vol. 2. (Record no. 1702)

000 -LEADER
fixed length control field 00585nam a2200181 a 4500
001 - CONTROL NUMBER
control field :::00017926$&:&@@
003 - CONTROL NUMBER IDENTIFIER
control field OkBaRHE
005 - DATE AND TIME OF LATEST TRANSACTION
control field 20100327121115.0
008 - FIXED-LENGTH DATA ELEMENTS--GENERAL INFORMATION
fixed length control field s1940 j 000 0 eng u
040 ## - CATALOGING SOURCE
Transcribing agency
100 1# - MAIN ENTRY--PERSONAL NAME
Personal name Wuest, Kenneth S.
245 10 - TITLE STATEMENT
Title Wuest's word studies; vol. 2.
260 ## - PUBLICATION, DISTRIBUTION, ETC. (IMPRINT)
Place of publication, distribution, etc Grand Rapids, MI., :
Name of publisher, distributor, etc Eerdmans Publishing House
Date of publication, distribution, etc 1940
300 ## - PHYSICAL DESCRIPTION
Extent v. (1-12) ;
Dimensions 20 cm.
650 ## - SUBJECT ADDED ENTRY--TOPICAL TERM
Topical term or geographic name as entry element Bible New Testament
General subdivision Word Studies
942 ## - ADDED ENTRY ELEMENTS (KOHA)
Source of classification or shelving scheme
Koha item type Books
Copies
Copy number Shelving location Damaged status Full call number Not for loan Barcode Permanent Location Source of classification or shelving scheme Lost status Price effective from Date last seen Date acquired Withdrawn status Koha item type Collection code
1General Stacks BS 2333.2 .W8 1977 17926RHEMA Bible Training College  2010-04-142018-03-162010-04-14 BooksReference